000 00563nam a2200181Ia 4500
005 20250326141502.0
008 250326s9999 xx 000 0 und d
037 _aTextbook
040 _aFMSL
_beng
_cFMSL
041 _aeng
_2eng
084 _aX:74 M7
_qFMSL
100 _aPOTTS
_9744547
245 0 _aLeading edge: CEOs who turned their companies around :what they did it
_cPotts; Behr P; Potts Mark; Behr Peter
260 _aNew Delhi
_bNew Delhi, Tata McGraw-Hill
_c1987
300 _a220p
942 _cTB
_hX:74 M7
999 _c1290523
_d1290523